[Event "Aeroflot Open 2008"]
[Site "Moscu RUS"]
[Date "2008.02.19"]
[Round "6.2"]
[White "Timofeev, Artyom"]
[Black "Dreev, Alexey"]
[Result "0-1"]
[WhiteElo "2664"]
[BlackElo "2633"]
[PlyCount "108"]
[EventDate "2008.02.14"]
[Source "www.chesslib.no"]
[SourceDate "2004.05.04"]

1. e4 c5 2. Nf3 Nc6 3. d4 cxd4 4. Nxd4 Nf6 5. Nc3 d6 6. f4 g6 7. Nb3 Bg7 8. Be2 Qb6 9. a4 a5 10. g4 h5 11. gxh5 Nxh5 12. Nd5 Qd8 13. Be3 e6 14. Bb6 Qh4+ 15. Bf2 Qd8 16. Nb6 Ng3 17. Bxg3 Qxb6 18. c3 e5 19. Bf2 Qc7 20. f5 gxf5 21. Nd2 Ne7 22. Nc4 Ra6 23. Nd2 Rc6 24. Bb5 d5 25. Rg1 Bh6 26. exd5 Nxd5 27. Ne4 Be6 28. Nc5 Nf4 29. Qc2 Nh3 30. Rg3 Bf4 31. Rd1 Bxg3 32. Bxg3 Ke7 33. Nxe6 fxe6 34. Qg2 Kf7 35. Bxc6 bxc6 36. Rd3 Nf4 37. Bxf4 exf4 38. Kf1 c5 39. Rh3 Qd8 40. Qb7+ Kf6 41. Rxh8 Qxh8 42. Qg2 Qh5 43. Ke1 f3 44. Qf2 f4 45. Kd2 Kg6 46. Kc1 Qh3 47. Qe1 Kf5 48. Qg1 e5 49. Qxc5 Qf1+ 50. Kc2 Qe2+ 51. Kb3 f2 52. Qc8+ Ke4 53. Qc6+ Ke3 54. Qc5+ Kd2 0-1

[Event "It (open)"]
[Site "?"]
[Date "2005.04.06"]
[Round "3"]
[White "Al Modiahki Mohamad"]
[Black "Motylev Alexander"]
[Result "0-1"]
[WhiteElo "2569"]
[BlackElo "2680"]
[PlyCount "104"]
[EventDate "2005.??.??"]
[Source "www.chesslib.no"]
[SourceDate "2004.05.04"]

1. e4 c5 2. Nf3 d6 3. d4 cxd4 4. Nxd4 Nf6 5. Nc3 g6 6. f4 Bg7 7. e5 Nh5 8. Bb5+ Bd7 9. e6 fxe6 10. Nxe6 Bxc3+ 11. bxc3 Qc8 12. Bxd7+ Kxd7 13. Ng5 Qxc3+ 14. Bd2 Qc4 15. Rb1 b6 16. Rb4 Qd5 17. Qg4+ Qf5 18. Qf3 Nc6 19. g4 Qxc2 20. gxh5 Nxb4 21. Bxb4 h6 22. Qb7+ Qc7 23. Qxc7+ Kxc7 24. Nf7 Rhg8 25. Nxh6 Rh8 26. Ng4 Rxh5 27. Kf2 Rf8 28. Kg3 Rb5 29. Bc3 Rc5 30. Bd4 Ra5 31. Re1 Kd7 32. Re2 Ra3+ 33. Ne3 Rc8 34. Kg4 Ra5 35. Kf3 Ra4 36. Bg7 Rc5 37. Rg2 Rh5 38. Kg3 Ra3 39. Re2 Rha5 40. h4 R5a4 41. Kf3 Rxa2 42. Re1 R2a3 43. Rg1 d5 44. Rd1 e6 45. Bd4 Rb3 46. Ke2 Ra2+ 47. Kf3 Ra4 48. Ke2 Rbb4 49. Be5 Re4 50. Kf3 Ra3 51. Re1 Rb3 52. Kf2 a5 0-1

[Event "3rd Int Open"]
[Site "Korinthos GRE"]
[Date "1999.08.01"]
[Round "9"]
[White "Nenashev, A."]
[Black "Novikov, I."]
[Result "0-1"]
[WhiteElo "2584"]
[BlackElo "2614"]
[PlyCount "88"]
[EventDate "1999.07.27"]
[Source "www.chesslib.no"]
[SourceDate "2004.05.04"]

1. e4 c5 2. Nc3 d6 3. f4 g6 4. Nf3 Bg7 5. d4 cxd4 6. Nxd4 Nc6 7. Nb3 Nf6 8. Be2 a5 9. a4 Qb6 10. g4 Nb4 11. Bb5+ Nd7 12. Qe2 h5 13. Nd1 hxg4 14. c3 Nc6 15. Ne3 Qd8 16. Nxg4 Na7 17. Bd3 Qb6 18. Bc4 Qc7 19. Be3 Nb6 20. Bd3 Bd7 21. f5 Nxa4 22. O-O gxf5 23. exf5 Rg8 24. Rf2 Nxb2 25. Qxb2 Bxc3 26. Qe2 Bxa1 27. Nxa1 Qc3 28. Nc2 Bc6 29. h3 Kd7 30. Kh2 a4 31. Bd4 Qa5 32. Qe3 Qd5 33. Re2 Nc8 34. Na3 Qf3 35. Qd2 Ra5 36. Rf2 Qh1+ 37. Kg3 Qg1+ 38. Kf4 Rd5 39. Nc2 Qh1 40. Bc4 Qxh3 41. Nce3 Nb6 42. Bf1 Rxf5+ 43. Kxf5 e6+ 44. Kf4 Nd5+ 0-1

[Event "60th ch-RUS Higher League"]
[Site "Krasnoyarsk RUS"]
[Date "2007.09.12"]
[Round "9"]
[White "Popov, Iv RUS"]
[Black "Timofeev, Arty"]
[Result "0-1"]
[WhiteElo "2524"]
[BlackElo "2650"]
[PlyCount "62"]
[EventDate "2007.09.03"]
[Source "www.chesslib.no"]
[SourceDate "2004.05.04"]

1. e4 c5 2. Nf3 d6 3. d4 cxd4 4. Nxd4 Nf6 5. Nc3 Nc6 6. f4 g6 7. Nf3 Bg7 8. Bd3 O-O 9. O-O Bg4 10. Qe1 Rc8 11. h3 Bxf3 12. Rxf3 Nd7 13. Be3 Qa5 14. a3 Nc5 15. Rf2 Rfe8 16. b4 Nxd3 17. cxd3 Qa6 18. b5 Qa5 19. Rc1 Nd4 20. Nd5 Qxe1+ 21. Rxe1 e6 22. Nb4 Nxb5 23. a4 Nd4 24. a5 a6 25. Rb1 Rc3 26. Ra2 Rec8 27. Bxd4 Bxd4+ 28. Kh2 R8c5 29. Ra4 Rb5 30. Rd1 Be3 31. Kg3 Bc5 0-1

[Event "FRA-chT9697 groupe B"]
[Site "France"]
[Date "1997.??.??"]
[Round "7"]
[White "Kosten, Anthony C"]
[Black "Glek, Igor V"]
[Result "1-0"]
[WhiteElo "2535"]
[BlackElo "2620"]
[PlyCount "78"]
[EventDate "1997.??.??"]
[Source "www.chesslib.no"]
[SourceDate "2004.05.04"]

1. e4 c5 2. Nf3 d6 3. d4 cxd4 4. Nxd4 Nf6 5. Nc3 Nc6 6. f4 g6 7. Be2 Bg7 8. Nb3 a5 9. a4 Qb6 10. Nd5 Nxd5 11. exd5 Nb4 12. c3 Na6 13. Bb5+ Bd7 14. Qe2 Nc5 15. Be3 Bxb5 16. axb5 O-O 17. Nxc5 dxc5 18. Qc4 Qf6 19. Qxc5 Rfc8 20. Qb6 Qh4+ 21. g3 Qh5 22. O-O Qxd5 23. Rxa5 Rxa5 24. Qxa5 h5 25. Qa4 h4 26. gxh4 Rc4 27. Qc2 Qxb5 28. Qe2 Qc6 29. Rf3 Qe6 30. Qd3 Ra4 31. h3 Re4 32. Bf2 Bh6 33. Re3 Rxe3 34. Qxe3 Qf5 35. Qxe7 Qb1+ 36. Qe1 Qxb2 37. Qe8+ Bf8 38. Qe5 Bg7 39. Qe8+ Bf8 1-0

[Event "Pirc mem"]
[Site "?"]
[Date "2000.??.??"]
[Round "3.2"]
[White "Mikhalchishin Adrian"]
[Black "Kozul Zdenko"]
[Result "0-1"]
[WhiteElo "2552"]
[BlackElo "2597"]
[PlyCount "104"]
[EventDate "2000.??.??"]
[Source "www.chesslib.no"]
[SourceDate "2004.05.04"]

1. e4 c5 2. Nf3 d6 3. d4 cxd4 4. Nxd4 Nf6 5. Nc3 Nc6 6. f4 g6 7. Be3 Bg7 8. Qd2 O-O 9. Be2 Bd7 10. O-O Nxd4 11. Bxd4 Bc6 12. Qe3 Qa5 13. e5 dxe5 14. Bxe5 e6 15. Rfd1 Rfc8 16. a3 Nd7 17. Bxg7 Kxg7 18. Rd2 Qb6 19. Qxb6 Nxb6 20. Kf2 h6 21. a4 a5 22. Rd4 Rd8 23. Rad1 Rxd4 24. Rxd4 Rc8 25. g3 g5 26. Bf3 Bxf3 27. Kxf3 Nc4 28. Nd1 Rc7 29. b3 Na3 30. c4 Nc2 31. Rd2 Nb4 32. Nc3 Na6 33. fxg5 hxg5 34. Ne4 g4+ 35. Ke2 f5 36. Nd6 Kg6 37. Nb5 Rc6 38. Rd6 Kf6 39. Rxc6 bxc6 40. Na7 e5 41. Ke3 Nb4 42. c5 Ke6 43. Nc8 Na6 44. Nb6 Nxc5 45. b4 axb4 46. a5 b3 47. Nc4 Kd5 48. Nb6+ Kd6 49. Kd2 f4 50. Kc3 Kc7 51. Nc4 f3 52. Ne3 f2 0-1

[Event "Antwerp Open"]
[Site "Antwerp BEL"]
[Date "1994.??.??"]
[Round "4"]
[White "Hector, Jonny"]
[Black "Smirin, Ilia"]
[Result "0-1"]
[WhiteElo "2515"]
[BlackElo "2615"]
[PlyCount "58"]
[EventDate "1994.08.??"]
[Source "www.chesslib.no"]
[SourceDate "2004.05.04"]

1. e4 c5 2. Nf3 d6 3. d4 cxd4 4. Nxd4 Nf6 5. Nc3 Nc6 6. f4 g6 7. Nf3 Bg7 8. Bd3 O-O 9. O-O b5 10. Qe1 b4 11. Nd5 Bb7 12. f5 Nxd5 13. exd5 Ne5 14. fxg6 fxg6 15. Qe4 Qa5 16. Nxe5 Rxf1+ 17. Bxf1 Bxe5 18. Be3 Bxb2 19. Qe6+ Kh8 20. Rd1 Bf6 21. Bc4 Qc7 22. Bb3 a5 23. Rf1 Qc3 24. Bh6 Ba6 25. Rb1 Bb5 26. a4 bxa3 27. h4 Qd4+ 28. Be3 Qxh4 29. c4 Bxc4 0-1

[Event "Phillips&Drew"]
[Site "London"]
[Date "1980.??.??"]
[Round "10"]
[White "Sax, Gyula"]
[Black "Sosonko, Gennadi"]
[Result "1/2-1/2"]
[WhiteElo "2570"]
[BlackElo "2545"]
[PlyCount "23"]
[EventDate "1980.04.??"]
[Source "ChessBase"]

1. e4 c5 2. Nf3 d6 3. d4 cxd4 4. Nxd4 Nf6 5. Nc3 g6 6. f4 Nc6 7. Nf3 Bg7 8. Bd3 Qb6 9. h3 e5 10. fxe5 dxe5 11. Qe2 O-O 12. Qf2 1/2-1/2

[Event "MTO"]
[Site "Biel"]
[Date "2003.07.23"]
[Round "3"]
[White "Al Modiahki, Mohamad"]
[Black "Kritz, Leonid"]
[Result "1-0"]
[WhiteElo "2574"]
[BlackElo "2522"]
[PlyCount "79"]
[EventDate "2003.07.19"]
[Source "Roberto Alvarez"]
[SourceDate "2003.07.28"]

1. e4 c5 2. Nf3 d6 3. d4 cxd4 4. Nxd4 Nf6 5. Nc3 g6 6. f4 Qa5 7. Nb3 Qb6 8. e5 dxe5 9. fxe5 Ng4 10. Bb5+ Nc6 11. Qe2 Bg7 12. Bf4 O-O 13. Bxc6 bxc6 14. h3 Qb4 15. Rf1 a5 16. O-O-O Nh6 17. a3 Qb6 18. Na4 Qc7 19. Qd2 Ba6 20. Bxh6 Rad8 21. Qe3 Bxf1 22. Rxf1 Bxh6 23. Qxh6 Qxe5 24. Qf4 Qe2 25. Qf3 Qc4 26. Nc3 a4 27. Na5 Qa6 28. Nxc6 Rd7 29. Nb4 Qc4 30. Nd3 f6 31. Ne5 Qxf1+ 32. Qxf1 fxe5 33. Qc4+ Kg7 34. Kb1 Rd2 35. Qe6 Rf1+ 36. Ka2 Rxc2 37. Qxe5+ Kf7 38. Qd5+ Kf8 39. Qd8+ Kf7 40. Qd5+ 1-0

[Event "Wijk aan Zee"]
[Site "?"]
[Date "1989.??.??"]
[Round "?"]
[White "van der Wiel, J."]
[Black "Piket, J."]
[Result "1/2-1/2"]
[WhiteElo "2560"]
[BlackElo "2500"]
[PlyCount "111"]
[EventDate "1989.??.??"]
[Source "ChessBase"]
[SourceDate "1989.01.01"]

1. e4 c5 2. Nf3 d6 3. d4 cxd4 4. Nxd4 Nf6 5. Nc3 Nc6 6. f4 g6 7. Nxc6 bxc6 8. e5 dxe5 9. Qxd8+ Kxd8 10. fxe5 Ng4 11. Bf4 Be6 12. h3 Bh6 13. Ne2 Bxf4 14. Nxf4 Nxe5 15. Nxe6+ fxe6 16. O-O-O+ Kc7 17. Re1 Kd6 18. Re3 Nd7 19. Bc4 e5 20. Rd1+ Kc7 21. Be6 Rhd8 22. Rde1 Rab8 23. Bxd7 Rxd7 24. Rxe5 Kd8 25. b3 Rbb7 26. R5e4 Rd6 27. Rf1 Ke8 28. Ref4 Rb5 29. Rf8+ Kd7 30. Ra8 Ra5 31. a4 Rf6 32. Rd1+ Rd6 33. Rxd6+ Kxd6 34. g4 e6 35. Rd8+ Ke7 36. Rc8 Kd6 37. Rg8 Rg5 38. Rg7 h5 39. Rxa7 hxg4 40. hxg4 Rxg4 41. Rb7 c5 42. Kd2 g5 43. a5 Rb4 44. Rg7 Rb5 45. a6 Ra5 46. a7 Kc6 47. Kc3 Kb6 48. Kc4 Rxa7 49. Rg6 Re7 50. c3 Re8 51. Rxg5 Rh8 52. Re5 Rh4+ 53. Kd3 Rh3+ 54. Kd2 Rh2+ 55. Re2 Rh6 56. Kd3 1/2-1/2

[Event "Sakthi"]
[Site "Sakthi"]
[Date "1996.??.??"]
[Round "9"]
[White "Adianto, Utut"]
[Black "Babu, N Sudhakar"]
[Result "1/2-1/2"]
[WhiteElo "2610"]
[BlackElo "2445"]
[PlyCount "106"]
[EventDate "1996.??.??"]
[Source "ChessBase"]

1. Nf3 d6 2. e4 c5 3. d4 cxd4 4. Nxd4 Nf6 5. Nc3 g6 6. f4 Nc6 7. Nxc6 bxc6 8. e5 dxe5 9. Qxd8+ Kxd8 10. fxe5 Nd5 11. Bd2 Bg7 12. O-O-O Kc7 13. Nxd5+ cxd5 14. Ba5+ Kc6 15. c4 dxc4 16. Bxc4 Be6 17. Bxe6 fxe6 18. Rhe1 Rhf8 19. Re2 Kb5 20. Bc3 Rad8 21. Rxd8 Rxd8 22. Kc2 Kc6 23. b4 Rf8 24. Kb3 h5 25. Kc4 a6 26. a4 Rf1 27. b5+ axb5+ 28. axb5+ Kb7 29. Bd4 Rc1+ 30. Kd3 Rd1+ 31. Ke4 Bh6 32. Ra2 Re1+ 33. Kf3 Rd1 34. Bf2 Rd5 35. Ra7+ Kc8 36. b6 Rxe5 37. Rxe7 Rf5+ 38. Ke2 Re5+ 39. Kd3 Bf4 40. g3 Bg5 41. Rg7 Rf5 42. Bd4 Rd5 43. Rxg6 e5 44. Rxg5 e4+ 45. Kxe4 Rxg5 46. Be3 Rg4+ 47. Bf4 Rg6 48. Bc7 Rf6 49. h3 Rf1 50. g4 Rh1 51. g5 Rxh3 52. g6 Rh1 53. Kf5 Rg1 1/2-1/2

[Event "Kusadasi TUR"]
[Site "?"]
[Date "2006.04.15"]
[Round "11"]
[White "Heberla Bartolomiej"]
[Black "Svetushkin Dmitry"]
[Result "1-0"]
[WhiteElo "2487"]
[BlackElo "2557"]
[PlyCount "87"]
[EventDate "2006.??.??"]
[Source "www.chesslib.no"]
[SourceDate "2004.05.04"]

1. e4 c5 2. Nf3 d6 3. d4 cxd4 4. Nxd4 Nf6 5. Nc3 g6 6. f4 Nc6 7. Nxc6 bxc6 8. e5 Nd7 9. exd6 exd6 10. Be3 Nf6 11. Bd3 Bg7 12. h3 Rb8 13. Rb1 Qe7 14. Qf3 Nd5 15. Nxd5 cxd5 16. O-O O-O 17. Qf2 Rxb2 18. Rxb2 Bxb2 19. Bxa7 Qf6 20. a4 Bf5 21. Rb1 Bc3 22. Bxf5 Qxf5 23. Bb6 Qe4 24. a5 Ra8 25. Kh1 Qa4 26. f5 Rc8 27. Rf1 g5 28. Qg3 Kh8 29. Qxg5 Rg8 30. Qe3 Be5 31. Qb3 Qe4 32. Qf3 Qc4 33. Qd3 Qa2 34. Qb3 Qxb3 35. cxb3 Ra8 36. Rd1 Kg7 37. b4 Kf6 38. g4 Bc3 39. b5 h5 40. a6 hxg4 41. Bd4+ Bxd4 42. Rxd4 Ke5 43. Rb4 d4 44. b6 1-0

[Event "OHRA"]
[Site "Amsterdam"]
[Date "1986.??.??"]
[Round "?"]
[White "Ljubojevic, Ljubomir"]
[Black "Hellers, Ferdinand"]
[Result "1/2-1/2"]
[WhiteElo "2600"]
[BlackElo "2440"]
[PlyCount "78"]
[EventDate "1986.07.??"]
[Source "ChessBase"]

1. e4 c5 2. Nf3 d6 3. d4 cxd4 4. Nxd4 Nf6 5. Nc3 g6 6. f4 Nc6 7. Nf3 Bg7 8. Bc4 Qa5 9. Bd2 O-O 10. Bb3 Bg4 11. h3 Bxf3 12. Qxf3 Nd4 13. Qf2 Nxb3 14. cxb3 Qa6 15. Qe2 Qxe2+ 16. Kxe2 Rfc8 17. Rac1 Kf8 18. Kd3 Nd7 19. b4 a6 20. g4 Rc6 21. b3 e6 22. Ne2 Rac8 23. Rxc6 Rxc6 24. a4 Ke7 25. Be3 h6 26. h4 g5 27. fxg5 Ne5+ 28. Kd2 Nf3+ 29. Kd1 hxg5 30. Rh3 Ne5 31. Bxg5+ f6 32. Bd2 Nxg4 33. Rg3 f5 34. exf5 exf5 35. Rf3 Ke6 36. Ng3 Be5 37. Nxf5 Nh2 38. Rf2 Ng4 39. Rf1 Nh2 1/2-1/2

[Event "Poutiainen mem"]
[Site "Helsinki"]
[Date "1983.??.??"]
[Round "?"]
[White "Rantanen, Yrjo A"]
[Black "Tukmakov, Vladimir B"]
[Result "1/2-1/2"]
[WhiteElo "2435"]
[BlackElo "2590"]
[PlyCount "80"]
[EventDate "1983.09.??"]
[Source "ChessBase"]

1. e4 c5 2. Nf3 d6 3. d4 cxd4 4. Nxd4 Nf6 5. Nc3 Nc6 6. f4 g6 7. Nb3 Bg7 8. Be2 O-O 9. Bf3 a6 10. O-O Nd7 11. Kh1 Nb6 12. Qe2 Bd7 13. Be3 Rc8 14. Rad1 Bxc3 15. bxc3 Na4 16. Qe1 Nb2 17. Rb1 Nc4 18. Bc1 Kh8 19. a4 Na7 20. Nd2 Bxa4 21. Rxb7 Nb5 22. Nxc4 Rxc4 23. e5 d5 24. e6 Nd6 25. exf7 Ne4 26. Be3 Rxf7 27. Bd4+ Kg8 28. Bg4 Bc6 29. Rb1 Bd7 30. Be2 Rc6 31. c4 Nf6 32. cxd5 Rxc2 33. Bf3 Bb5 34. Rg1 Nxd5 35. Rd1 Bc6 36. Qe4 Rc4 37. Qe2 Bb5 38. Qe5 Nf6 39. Ba1 Qc7 40. Bd5 Qxe5 1/2-1/2

[Event "Budapest Tungsram"]
[Site "Budapest HUN"]
[Date "1973.??.??"]
[Round "11"]
[White "Sax, Gyula"]
[Black "Szabo, Laszlo"]
[Result "1/2-1/2"]
[WhiteElo "2460"]
[BlackElo "2565"]
[PlyCount "41"]
[EventDate "1973.??.??"]
[Source "www.chesslib.no"]
[SourceDate "2004.05.04"]

1. e4 c5 2. Nf3 d6 3. Nc3 Nf6 4. d4 cxd4 5. Nxd4 g6 6. f4 Nc6 7. Nxc6 bxc6 8. e5 Nd7 9. exd6 exd6 10. Qe2+ Qe7 11. Ne4 Qe6 12. Bd2 Be7 13. Bc3 O-O 14. g3 d5 15. Nf2 Bf6 16. Qxe6 Bxc3+ 17. bxc3 fxe6 18. Nd3 e5 19. fxe5 Nxe5 20. Nxe5 Re8 21. Kd2 1/2-1/2

[Event "Szirak"]
[Site "Szirak"]
[Date "1985.??.??"]
[Round "13"]
[White "Klinger, Josef"]
[Black "Tukmakov, Vladimir B"]
[Result "0-1"]
[WhiteElo "2460"]
[BlackElo "2565"]
[PlyCount "74"]
[EventDate "1985.10.??"]
[Source "ChessBase"]

1. e4 c5 2. Nf3 d6 3. d4 cxd4 4. Nxd4 Nf6 5. Nc3 Nc6 6. f4 g6 7. Nxc6 bxc6 8. e5 Nd7 9. exd6 exd6 10. Qd4 Nf6 11. Be3 Be7 12. Be2 O-O 13. Bf3 d5 14. Qd2 Bg4 15. O-O-O Re8 16. h3 Bxf3 17. gxf3 Qd7 18. Qd3 Nh5 19. Rdg1 Bd6 20. Kb1 Bxf4 21. Bxf4 Nxf4 22. Qd2 Qf5 23. Qd4 Ne2 24. Nxe2 Rxe2 25. Qc5 Rae8 26. h4 h5 27. Rc1 Qxf3 28. a4 Qe4 29. Qxc6 Rb8 30. Rh3 Qf5 31. Rc3 d4 32. Rf3 Qc8 33. Qf6 Qd7 34. Rcf1 Rb7 35. Qg5 Qxa4 36. Qc5 Rbe7 37. b3 Re1+ 0-1

[Event "Vikings GM 2nd"]
[Site "York"]
[Date "2000.12.14"]
[Round "2"]
[White "Hector, Jonny"]
[Black "Wells, Peter K"]
[Result "1-0"]
[WhiteElo "2509"]
[BlackElo "2506"]
[PlyCount "69"]
[EventDate "2000.12.13"]
[Source "ChessBase"]
[SourceDate "2001.03.20"]

1. Nc3 c5 2. e4 Nc6 3. Nf3 d6 4. d4 cxd4 5. Nxd4 Nf6 6. f4 g6 7. Nf3 Bg7 8. Bd3 O-O 9. O-O Bg4 10. Qe1 Bxf3 11. Rxf3 e6 12. b3 Rc8 13. Bb2 Nb4 14. Kh1 Nd7 15. Rd1 Nc5 16. e5 Ncxd3 17. cxd3 dxe5 18. fxe5 Nc2 19. Qe4 Qd4 20. Qxd4 Nxd4 21. Re3 Rfd8 22. Re4 Rc5 23. Rxd4 Rxd4 24. Ne4 Rxe4 25. dxe4 Bxe5 26. b4 Bxb2 27. bxc5 Ba3 28. Rd8+ Kg7 29. Rc8 h5 30. Rc7 a5 31. Kg1 g5 32. Kf2 Kf6 33. Ke2 a4 34. Kd3 Ke5 35. Kc4 1-0

[Event "Banja Luka"]
[Site "Banja Luka"]
[Date "1983.??.??"]
[Round "13"]
[White "Hulak, Krunoslav"]
[Black "Inkiov, Ventzislav"]
[Result "1-0"]
[WhiteElo "2515"]
[BlackElo "2500"]
[PlyCount "79"]
[EventDate "1983.04.??"]
[Source "ChessBase"]

1. e4 c5 2. Nf3 Nc6 3. d4 cxd4 4. Nxd4 Nf6 5. Nc3 d6 6. f4 g6 7. Be2 Qb6 8. Nb3 Bg7 9. Bf3 a5 10. a4 Nb4 11. Nb5 Be6 12. N3d4 Bc4 13. Na3 Ba6 14. Be3 O-O 15. Qd2 Qc7 16. Ndb5 Qc8 17. c3 Nc6 18. O-O Ng4 19. Bb6 Nf6 20. h3 e5 21. Qxd6 exf4 22. Rfd1 g5 23. Nc4 h5 24. e5 Ne8 25. Qd7 Nxe5 26. Nxe5 Bxe5 27. Qxc8 Rxc8 28. Bxh5 Bxb5 29. axb5 Nd6 30. Be2 Rfe8 31. Bxa5 Nc4 32. Bxc4 Rxc4 33. Rd7 f3 34. gxf3 Rh4 35. Kg2 Bf4 36. Rd8 Rxd8 37. Bxd8 Rh6 38. Rd1 Re6 39. Kf1 Re3 40. Kf2 1-0

[Event "Vrbas"]
[Site "Vrbas"]
[Date "1980.??.??"]
[Round "?"]
[White "Sax, Gyula"]
[Black "Ivanovic, Bozidar"]
[Result "0-1"]
[WhiteElo "2570"]
[BlackElo "2440"]
[PlyCount "42"]
[EventDate "1980.??.??"]
[Source "www.chesslib.no"]
[SourceDate "2004.05.04"]

1. e4 c5 2. Nf3 d6 3. d4 cxd4 4. Nxd4 Nf6 5. Nc3 Nc6 6. f4 g6 7. Bb5 Bd7 8. Nf3 Bg7 9. Qe2 O-O 10. e5 dxe5 11. fxe5 Ng4 12. Bf4 a6 13. Bc4 Be6 14. Bxe6 fxe6 15. Bd2 Ncxe5 16. Nxe5 Nxe5 17. O-O-O Rc8 18. Be3 Qa5 19. Bd4 Rc6 20. Rhf1 Rxf1 21. Rxf1 Nc4 0-1

[Event "Zepter op"]
[Site "Minsk"]
[Date "1998.04.28"]
[Round "4"]
[White "Korzubov, Peter"]
[Black "Sherbakov, Ruslan"]
[Result "1/2-1/2"]
[WhiteElo "2455"]
[BlackElo "2555"]
[PlyCount "50"]
[EventDate "1998.04.25"]
[Source "ChessBase"]
[SourceDate "1998.07.07"]

1. e4 c5 2. Nf3 Nc6 3. d4 cxd4 4. Nxd4 Nf6 5. Nc3 d6 6. f4 g6 7. Nf3 Bg7 8. Bd3 O-O 9. O-O e5 10. Kh1 Bg4 11. Qe1 exf4 12. Bxf4 Bxf3 13. Rxf3 Ne5 14. Rf1 Ne8 15. Rd1 Rc8 16. Qd2 Nc7 17. Be2 Ne6 18. Bg3 Nc4 19. Bxc4 Rxc4 20. Qe2 Rd4 21. Nb5 Rxd1 22. Qxd1 Be5 23. Qd5 Bxg3 24. hxg3 Nc7 25. Qxb7 Qg5 1/2-1/2

[Event "Rostov"]
[Site "Rostov RUS"]
[Date "1980.??.??"]
[Round "?"]
[White "Gufeld, Eduard E"]
[Black "Makarichev, Sergey Y"]
[Result "1/2-1/2"]
[WhiteElo "2510"]
[BlackElo "2495"]
[PlyCount "49"]
[EventDate "1980.??.??"]
[Source "www.chesslib.no"]
[SourceDate "2004.05.04"]

1. e4 c5 2. Nf3 d6 3. d4 cxd4 4. Nxd4 Nf6 5. Nc3 Nc6 6. f4 g6 7. Nb3 Bg4 8. Be2 Bxe2 9. Qxe2 Bg7 10. O-O O-O 11. Be3 Qc8 12. Rad1 Rb8 13. a4 b6 14. Kh1 Na5 15. e5 dxe5 16. fxe5 Ng4 17. Bf4 Nxb3 18. e6 Qxe6 19. Qxe6 fxe6 20. Bxb8 Rxb8 21. cxb3 Ne3 22. Kg1 Nxd1 23. Rxd1 Rf8 24. g3 Be5 25. Rd7 1/2-1/2

[Event "Munich zt"]
[Site "Munich"]
[Date "1987.??.??"]
[Round "?"]
[White "Klinger, Josef"]
[Black "Lobron, Eric"]
[Result "1/2-1/2"]
[WhiteElo "2465"]
[BlackElo "2535"]
[PlyCount "150"]
[EventDate "1987.01.??"]
[Source "ChessBase"]

1. e4 c5 2. Nf3 d6 3. d4 cxd4 4. Nxd4 Nf6 5. Nc3 Nc6 6. f4 g6 7. Nf3 Bg7 8. Bd3 O-O 9. O-O Bg4 10. Qe1 Rc8 11. Kh1 Qa5 12. Qg3 Bxf3 13. Qxf3 Nd4 14. Qh3 d5 15. Bd2 dxe4 16. Nxe4 Qd5 17. Nxf6+ Bxf6 18. Bc3 Rc5 19. f5 Nxf5 20. Bxf6 exf6 21. Bxf5 gxf5 22. Rad1 Qe6 23. c3 Re5 24. Qh6 Re4 25. h3 Re8 26. Rd3 Kh8 27. Rdf3 Re5 28. Rg3 Rg8 29. Rxg8+ Kxg8 30. Rf3 f4 31. Qxf4 Re1+ 32. Kh2 Qe5 33. Rg3+ Kf8 34. Qb4+ Qe7 35. Rg4 Re2 36. Qxe7+ Kxe7 37. Rb4 b6 38. Kg3 Kd6 39. Kf3 Rc2 40. Rb5 Ke6 41. g4 Rh2 42. Kg3 Re2 43. a4 Re5 44. Kf4 Kd6 45. h4 h6 46. b4 Ke6 47. c4 Re1 48. c5 Rf1+ 49. Ke3 bxc5 50. Rxc5 Rb1 51. Rb5 a6 52. Rb6+ Kd5 53. b5 a5 54. Rxf6 Re1+ 55. Kf2 Re4 56. Rf5+ Kd6 57. Kf3 Rxa4 58. Rxf7 h5 59. gxh5 Rxh4 60. Rf5 a4 61. b6 Kc6 62. Rb5 Kb7 63. Kg3 Rh1 64. Kg4 Rg1+ 65. Kf3 Rh1 66. Kg2 Rh4 67. Kg3 Rh1 68. Kg4 Rg1+ 69. Kf5 Rf1+ 70. Kg6 Rg1+ 71. Kf6 Rf1+ 72. Kg6 Rg1+ 73. Kh7 a3 74. Ra5 Rg3 75. h6 Kxb6 1/2-1/2

[Event "London NWYM"]
[Site "London ENG"]
[Date "1989.??.??"]
[Round "?"]
[White "Conquest, Stuart"]
[Black "Watson, William N"]
[Result "1/2-1/2"]
[WhiteElo "2490"]
[BlackElo "2505"]
[PlyCount "82"]
[EventDate "1989.??.??"]
[Source "www.chesslib.no"]
[SourceDate "2004.05.04"]

1. e4 c5 2. Nf3 d6 3. d4 cxd4 4. Nxd4 Nf6 5. Nc3 g6 6. f4 Bg7 7. e5 Nh5 8. Bb5+ Bd7 9. e6 fxe6 10. Nxe6 Bxc3+ 11. bxc3 Qc8 12. Bxd7+ Kxd7 13. Ng5 Qxc3+ 14. Bd2 Qc4 15. Rb1 b6 16. Rb4 Qd5 17. O-O h6 18. Nf3 Nc6 19. Rb3 Rhf8 20. Rd3 Qc4 21. g3 Nf6 22. Qe2 Kc7 23. Nd4 Nxd4 24. Qxe7+ Kc6 25. Rc3 Qxc3 26. Bxc3 Rae8 27. Qxe8+ Rxe8 28. Bxd4 Nd5 29. Kf2 Kb5 30. Rd1 h5 31. Bb2 Ne3 32. Rxd6 Ng4+ 33. Kf1 Nxh2+ 34. Kg1 Re2 35. Rxg6 Rxc2 36. Bg7 h4 37. gxh4 Nf3+ 38. Kf1 Nxh4 39. Rg4 Nf3 40. Rg3 Nd2+ 41. Ke1 Rxa2 1/2-1/2

[Event "Elgoibar"]
[Site "Elgoibar"]
[Date "1999.??.??"]
[Round "5"]
[White "Sanz Alonso, Francisco Javier"]
[Black "Ubilava, Elizbar"]
[Result "1/2-1/2"]
[WhiteElo "2435"]
[BlackElo "2556"]
[PlyCount "123"]
[EventDate "1999.11.??"]
[Source "ChessBase"]
[SourceDate "2000.04.05"]

1. e4 c5 2. Nf3 d6 3. d4 cxd4 4. Nxd4 Nf6 5. Nc3 Nc6 6. f4 g6 7. Nf3 Bg7 8. Bd3 Qb6 9. Bd2 O-O 10. Na4 Qc7 11. c4 e5 12. O-O exf4 13. Bxf4 Nh5 14. Be3 Ne5 15. Rc1 Ng4 16. Qd2 Nxe3 17. Qxe3 Nf6 18. h3 Nd7 19. Kh1 Ne5 20. Nc3 Be6 21. b3 Qc5 22. Qe2 Rfe8 23. Nd5 Bxd5 24. cxd5 Qb6 25. Nxe5 Bxe5 26. Qf2 Qxf2 27. Rxf2 Bd4 28. Rfc2 Bb6 29. Kh2 Kg7 30. Kg3 Re7 31. Rc8 Rxc8 32. Rxc8 Bc5 33. Kf4 a6 34. Bc2 Kf6 35. Bd3 h5 36. h4 Bf2 37. g3 Bc5 38. a4 Bb4 39. Rc2 Ba5 40. Be2 Re5 41. Bd1 g5+ 42. hxg5+ Rxg5 43. Rh2 Bc3 44. Rh3 Be5+ 45. Ke3 Kg6 46. Kf2 Bd4+ 47. Kf3 Bc3 48. Ke2 Ba5 49. Kf2 Re5 50. Rh4 Bd8 51. Rh1 Kh6 52. Bf3 Kg6 53. Rh3 Rg5 54. Be2 Bb6+ 55. Kg2 Bd4 56. Bd1 Be5 57. Kf2 f5 58. exf5+ Rxf5+ 59. Bf3 Bd4+ 60. Kg2 Re5 61. Rh4 Bc5 62. Re4 1/2-1/2

[Event "Open"]
[Site "Mosca RUS"]
[Date "2007.01.29"]
[Round "3"]
[White "Popov, Iv RUS"]
[Black "Ulko, J."]
[Result "0-1"]
[WhiteElo "2531"]
[BlackElo "2460"]
[PlyCount "51"]
[EventDate "2007.01.27"]
[Source "www.chesslib.no"]
[SourceDate "2004.05.04"]

1. e4 c5 2. Nf3 d6 3. d4 cxd4 4. Nxd4 Nf6 5. Nc3 Nc6 6. f4 g6 7. Nxc6 bxc6 8. e5 Nd7 9. exd6 exd6 10. Be3 Be7 11. Qd2 O-O 12. O-O-O Re8 13. g4 d5 14. g5 Qa5 15. Re1 Bd6 16. Bc4 Nf8 17. Bb3 Bf5 18. Kb1 Qb4 19. Ne2 a5 20. Nc3 a4 21. Bxd5 Rab8 22. Nxa4 cxd5 23. Qxb4 Bxb4 24. Ba7 Rxe1+ 25. Rxe1 Ra8 26. b3 0-1

[Event "Calviá ol (Men)"]
[Site "Mallorca"]
[Date "2004.10.17"]
[Round "3.17"]
[White "Mallahi, Amir"]
[Black "Gulko, Boris F"]
[Result "0-1"]
[WhiteElo "2383"]
[BlackElo "2600"]
[PlyCount "72"]
[EventDate "2004.10.15"]
[Source "Roberto Alvarez"]
[SourceDate "2004.10.18"]

1. e4 c5 2. Nf3 Nc6 3. d4 cxd4 4. Nxd4 Nf6 5. Nc3 d6 6. f4 g6 7. Nf3 Bg7 8. Bd3 Qb6 9. Qe2 Bg4 10. Bd2 Nd4 11. Qf2 Nxf3+ 12. gxf3 Qxf2+ 13. Kxf2 Be6 14. e5 dxe5 15. fxe5 Nd7 16. f4 O-O 17. Rhe1 Nc5 18. Bf1 Rac8 19. Bg2 Rfd8 20. Be3 Bf5 21. Rac1 Kf8 22. Red1 Rxd1 23. Rxd1 f6 24. Bxc5 Rxc5 25. Rd8+ Kf7 26. Bxb7 fxe5 27. fxe5 Bxe5 28. Bd5+ Be6 29. Bxe6+ Kxe6 30. Rd3 Bxc3 31. bxc3 Ra5 32. Re3+ Kf6 33. Ke2 Rxa2 34. Kd3 Ra1 35. c4 Rf1 36. Re2 Rf3+ 0-1